1682 1697 1539 1492 1544 1872 1230 1844 1580 1430 1262 1929 1777 1491 1086 1954 1367 1715 1032 1186 1151 1374 1652 1249 1716 1594 1388 1298 1619 1287 1633 1474 1892 1906 1395 1500 1151 1928 1092 1034 1856 1785 1151 1409 1873 1477 1938 1505 1139 1753 1503 1081 1127 1458 1184 1026 1121 1285 1895 1044 1391 1272 1472 1156 1188 1146 1161 1346 1236 1508 1296 1461 1347 1692 1441 1009 1257 1159 1059 1341 1224 1940 1715 1675 1089 1372 1718 1804 1580 1306 1232 1852 1598 1218 1327 1905 1046 1939 1129 BCNSPRNW ULIB Ver.6.0+V

เปลี่ยนเป็นภาษาไทย

Change to English
 แสดงรายละเอียดบรรณานุกรม
  กลับหน้าหลัก

Brief Record : Get Marc (ISO 2709) : E-mail record : QR code < ปิดหน้าต่าง
LEADER : 00000nam 2200000uu 4500
001    13399113810
003     ULIB
008    120109s2550||||th 000 0 tha d
020    ^a9746453386 (ล.2)
060 04 ^aWA308^bส719อ ล.2 2550
245 00 ^aเอกสารการสอนชุดวิชาอนามัยครอบครัวในงานสาธารณสุข หน่วยที่6-10=^bFamilyhealth in public health work /^cสาขาวิชาวิทยาศาสตร์สุขภาพ มหาวิทยาลัยสุโขทัยธรรมาธิราช
246 30 ^aอนามัยครอบครัวในงานสาธารณสุข
246 31 ^aFamily health in public health work
250    ^aพิมพ์ครั้งที่ 2
260    ^aนนทบุรี :^bสำนักพิมพ์มหาวิทยาลัยสุโขทัยธรรมาธิราช,^c2550
300    ^a3 เล่ม :^bภาพประกอบ ;^c30 ซม.
500    ^aสิ่งพิมพ์ของมหาวิทยาลัยสุโขทัยธรรมาธิราชสาขาวิชาวิทยาศาสตร์สุขภาพ
650  7 ^aอนามัยครอบครัว
650  7 ^aสาธารณสุข
710 2  ^aมหาวิทยาลัยสุโขทัยธรรมาธิราช. ^bสาขาวิชาวิทยาศาสตร์สุขภาพ
945    ^p0^l0^i14591
945    ^p0^l0^i14592
945    ^p0^l0^i14593
995    ^aกัณชพร
999    ^aใช้งานได้ทุกระบบ
รายการนี้ยังไม่มีแท็ก
คุณยังไม่ได้ล็อกอิน คุณสามารถมีกิจกรรมร่วมกับเว็บไซต์ได้ แต่ต้องล็อกอินก่อน ::
  ล็อกอิน

รายการสื่อสารสนเทศ

ลำดับที่ ประเภท เลขเรียก/บาร์โค้ด สถานที่ สถานะ
- ไม่พบข้อมูล -

รายการใกล้เคียง
    หัวเรื่อง [อนามัยครอบครัว]
    หัวเรื่อง [สาธารณสุข]

BibComment


ยังไม่เคยถูกคอมเมนท์

คอมเมนท์ทรัพยากรรายการนี้
  คอมเมนท์: เอกสารการสอนชุดว..


 Copyright 2026. Bcnsprnw @Library